01007 a2200205 4500003000500000005001700005028001700022040000900039082001600048100002500064245004300089260003400132300001100166505040000177600003400577610003400611942001200645999001900657952012500676Nust20221209111116.0 aKatson Books cNust a621.382,SHA aSharma, Sanjay 9217 aDigial communications /cSanjay Sharma aNew DelhibKatson Booksc2011 av, 583 aIntroduction (Page-1), Probability Random Signals and Random Process (Page-36), Sampling Theory and Pulse Modulation (Page-97), Wave Coding Techniques (Page-146), Digital Multiplexers (Page-214), Digital Baseband Transmission (Page-236), Introduction to Signal Space Analysis (Page-314), Digital Modulation Techniques (Page-326), Information Theory (Page-391), Error Control Coding (Page-452).  aDigital communication9104544 aDigital communication9104545 2ddccBK c189292d189292 00102ddc4070aMCSbMCScGENd2016-12-12o621.382,SHApMCS35036r2016-12-08w2016-12-12yBKzAlmirah No.35, Shelf No.5